000 00757nam a2200253Ia 4500
003 OSt
005 20220923223121.0
006 a|||||r|||| 00| 0
007 ta
008 220922b |||||||| |||| 00| 0 hin d
024 _a211,166
037 _cTextual
040 _aARTS
_cARTS
_bhin
041 _2hin
_ahin
082 _aO152,3N3521,TR, N3
100 _aशर्मा, जे पी
245 0 _aतृष्णा
246 _aTṛuṣhṇā
260 _aदिल्ली
_b नवोदय प्रका0
_c1993
300 _a152पृ.
_ccm.
650 _aहिन्दी साहित्य
_9156264
942 _hO152,3N3521,TR, N3
_cTEXL
_2CC
999 _c361445
_d361445